Statistics for Easy General Knowledge #1

Click here to take the quiz!

General Stats

  • This quiz has been taken 131,378 times
  • The average score is 17 of 20

Answer Stats

QuestionAnswer% Correct
What color are flamingos, normally?Pink
99%
Who was the first African-American President of the United States?Barack Obama
98%
Whose long reign as Queen of the United Kingdom started in 1952?Queen Elizabeth II
97%
What is the highest mountain in the world?Mt. Everest
96%
What is the capital of Greece?Athens
92%
What is the currency of the United Kingdom?Pound Sterling
91%
What is the southernmost country in Africa?South Africa
91%
What planet of the solar system is closest to the sun?Mercury
90%
What is the most populous state in the U.S.?California
87%
What is the most popular spectator sport in Canada?Ice Hockey
86%
In what ocean would you find the country of Sri Lanka?Indian Ocean
86%
What European explorer landed in the New World in 1492?Christopher Columbus
84%
Who was Prime Minister of the United Kingdom during most of WWII?Winston Churchill
82%
What is the first element in the periodic table?Hydrogen
80%
What do vertebrates have that invertebrates don't?Spines
80%
In the Bible, who delivered the Ten Commandments from God to the people of Israel?Moses
79%
What country did both Crocodile Dundee and the Crocodile Hunter hail from?Australia
77%
What rock band is led by Mick Jagger?The Rolling Stones
71%
What cartoon character says "What's up, Doc?"Bugs Bunny
69%
What 1980 film was the sequel to "Star Wars"?The Empire Strikes Back
53%

Score Distribution

Percentile by Number Answered

Percent of People with Each Score

Your Score History

You have not taken this quiz